000 01416nam2a22002411 4500
001 RU\NLR\INFOCOMM4\1000586705
005 20250617122101.0
035 _a(NLR Aleph) 002598218
090 _a3420067
_c3420067
100 _a20040616d1988 |||y0rusy50 ca
101 0 _arus
102 _aRU
105 _ay |||||||||
200 1 _aОпыт работы предприятий легкой промышленности- победителей Всесоюзного социалистического соревнования
210 _d1988
_aБ. м.
461 0 _1001RU\NLR\INFOCOMM4\1000586673
_12001#$aОрганизация социалистического соревнования в легкой промышленности$eОбзоры по основным направлениям отрасли$fЦНИИ информ. и техн.-экон. исслед. лег. пром-сти$v1988, Вып.2
_93415356
_cМ.
_d1984-
_fЦНИИ информ. и техн.-экон. исслед. лег. пром-сти
_oОбзоры по основным направлениям отрасли
_tОрганизация социалистического соревнования в легкой промышленности
_x0233-6103
_v1988, Вып.2
801 1 _aRU
_bInfoComm
_c20040616
801 0 _aRU
_bNLR
_gPSBO
852 _aNLR
_jП22/5056
942 _cISSUE
980 _aNB
980 _aRUSPER